Ulusalüstü insan hakları hukuku ışığında Avrupa İnsan Hakları Sözleşmesi (madde 3 / işkence yasağı) analizi (Record no. 3782)
[ view plain ]
| 000 -BAŞLIK | |
|---|---|
| Sabit Uzunlukta Kontrol Alanı | 00968na a2200265 4500 |
| 001 - KONTROL NUMARASI | |
| Denetim Alanı | 16753 |
| 003 - KONTROL NUMARASI IDENTIFIER | |
| Denetim Alanı | MIRAKIL |
| 005 - SON İŞLEM TARİHİ VE ZAMANI | |
| Denetim Alanı | 20181213154943.0 |
| 008 - SABİT-BOY VERİ ELEMANLARI - GENEL BİLGİLER | |
| Sabit Uzunlukta Kontrol Alanı | 161012b tu 000 0 |
| 020 ## - ULUSLARARASI STANDART KİTAP NUMARASI | |
| Uluslararası Standart Kitap Numarası | 9756037717 |
| 035 ## - SİSTEM KONTROL NUMARASI | |
| Sistem Kontrol Numarası | 16753 |
| 040 ## - KATALOGLAMA KAYNAK | |
| Orijinal Kataloglama Ajansı | Milas |
| Kataloglama Dili | tur |
| Metne Dönüştürmek Ajansı | TR-AnCHP |
| 082 ## - DEWEY ONLU SINIFLANDIRMA NUMARASI | |
| Sınıflandırma Numarası | 341.481026 |
| Ürün Numarası | G35u 2006 |
| 090 ## - SINIFLAMA NUMARASI | |
| Sınıflama Numarası | 341.481026 G35u 2006 |
| 100 ## - ANA GİRİŞ - KİŞİSEL İSİM | |
| Kişisel Ad | Gemalmaz, Mehmet Semih |
| 245 ## - BAŞLIK TABLOSU | |
| Başlık | Ulusalüstü insan hakları hukuku ışığında Avrupa İnsan Hakları Sözleşmesi (madde 3 / işkence yasağı) analizi |
| Sorumluluk Tablosu, Vb | Mehmet Semih Gemalmaz |
| 246 ## - UNVAN FORM VARYING | |
| Başlık Doğru / Kısa Başlığı | Avrupa İnsan Hakları Sözleşmesi (madde 3 / işkence yasağı) analizi |
| 260 ## - YAYIN, DAĞITIM, VB | |
| Yayın, Dağıtım, Vb Yeri | Ankara |
| Yayıncı, Dağıtıcı, Vs Adı | Ankara Barosu |
| Yayın, Dağıtım, Vb Tarihi | 2006 |
| 300 ## - FİZİKSEL TANIM | |
| Kapsam | lxiii, 891 s. |
| Diğer Fiziksel Ayrıntıları | tbl. |
| Boyutlar | 24 sm. |
| 504 ## - KAYNAKÇA VB NOT | |
| Kaynakça Vb Notu | Kaynakça var. |
| 630 ## - KONU KATMA GİRİŞ - NAMED OLAY | |
| Üniforma Başlık | Avrupa İnsan Hakları Sözleşmesi |
| Genel Alt Bölümü | İşkence |
| 650 ## - KONU KATMA GİRİŞ - TOPİKAL DÖNEM | |
| Topikal Süreli Veya Coğrafi Ad Giriş Elemanı | Uluslararası hukuk |
| Genel Alt Bölümü | İnsan hakları |
| Kronolojik Alt Bölümü | İşkence |
| 650 ## - KONU KATMA GİRİŞ - TOPİKAL DÖNEM | |
| Topikal Süreli Veya Coğrafi Ad Giriş Elemanı | Uluslararası sözleşmeler |
| Genel Alt Bölümü | İnsan hakları |
| Kronolojik Alt Bölümü | İşkence |
| 942 ## - EKLENDİ GİRİŞ ELEMANLARI (KOHA) | |
| Sınıflandırma Veya Raf Düzeni Kaynak | Dewey Decimal Classification |
| Koha Öğesi Türü | Books |
| 999 ## - SİSTEM KONTROL NUMARALARI (KOHA) | |
| Koha Biblionumber | 3782 |
| Koha Biblioitemnumber | 3782 |
| Kalıcı Konum | Mevcut Konum | Edinme Tarihi | Edinim Kaynak | Toplam Check-Out'Lar | Tam Çağrı Numarası | Barkod | Tarih Son Görülme | İtibaren Geçerli Fiyatlar | Koha Öğesi Türü |
|---|---|---|---|---|---|---|---|---|---|
| CHP Kütüphanesi | CHP Kütüphanesi | 10/12/2016 | Bağış | 341.481026 G35u 2006 | 005290 | 10/12/2016 | 10/12/2016 | Books |
